Statistiques concernant Pays voisins les plus peuplés.

Cliquez ici pour prendre le quiz!

Statistiques générales

  • Ce quiz a été pris 72 fois
  • Le résultat moyen est 57 sur 60

Statistiques - réponses

HintPays 1% Correct
2 855 103 000Chine
100%
1 503 698 000Chine
100%
1 449 259 000Chine
100%
1 455 199 000Chine
100%
1 455 952 000Chine
100%
1 458 428 000Chine
100%
1 467 676 000Chine
100%
1 474 462 000Chine
100%
1 478 697 000Chine
100%
1 489 225 000Chine
100%
1 451 849 000Chine
100%
1 594 277 000Chine
100%
1 677 960 000Chine
100%
1 547 425 000Chine
100%
1 636 960 000Inde
100%
1 407 420 000Inde
100%
1 574 518 000Inde
100%
1 436 858 000Inde
100%
Inde
100%
1 461 859 000Inde
100%
Russie
100%
466 368 000Etats-Unis
98%
373 193 000Etats-Unis
98%
Canada
97%
270 243 000Pakistan
97%
315 512 000Pakistan
97%
Pakistan
97%
Pakistan
97%
Bangladesh
95%
223 113 000Bangladesh
95%
Mexique
95%
Viêtnam
95%
266 867 000Brésil
94%
261 364 000Brésil
94%
249 038 000Brésil
94%
244 621 000Brésil
94%
Iran
94%
Mongolie
94%
Népal
94%
Népal
94%
Kazakhstan
92%
Birmanie
90%
Birmanie
90%
Birmanie
90%
Colombie
90%
Laos
90%
Afghanistan
89%
Afghanistan
89%
Argentine
89%
Bhoutan
89%
Bhoutan
89%
Corée du Nord
89%
Kirghizistan
87%
Tadjikistan
87%
Niger
84%
245 831 000Nigeria
84%
244 629 000Nigeria
84%
Perou
84%
Venezuela
84%
Cameroun
73%

Distribution des résultats

Percentile par nombre de réponses

% des personnes avec chaque résultat

Votre développement - résultats

Vous n’avez pas pris ce quiz